000 01950nam a22003137a 4500
008 250618b |||||||| |||| 00| 0 eng d
020 _a9780241553442
040 _ctbs
041 _aeng
100 _aHastings, Reed
_d1960-
_924351
_eauthor
245 _aNo rules rules
_c/ by Reed Hastings and Erin Meyer ; adapted by Catrin Morris ; illustrated by Henry Sene Yee ; series editor, Sorrel Pitts.
260 _aLondon :
_bPenguin Books,
_c2022.
300 _a95 pages :
_billustrations ;
_c20 cm.
490 _aPenguin readers ;
_vLevel 4
520 _aWith carefully adapted text, new illustrations, language practise activities and additional online resources, the Penguin Readers series introduces language learners to bestselling authors and compelling content. Titles include popular classics, exciting contemporary fiction, and thought-provoking non-fiction. No Rules Rules, a Level 4 Reader, is A2+ in the CEFR framework. The text is made up of sentences with up to three clauses, introducing more complex uses of present perfect simple, passives, phrasal verbs and simple relative clauses. It is well supported by illustrations, which appear regularly. Reed Hastings started Netflix with Marc Randolph in 1997. Their company has completely changed how we watch TV and films. In this book, Reed explains the secret to the company's success and how at Netflix, there really are NO rules.
610 0 _aNetflix (Firm)
_924348
650 0 _aCorporate culture
_95314
650 0 _aEmployees
_924911
650 0 _aInternet television
_924349
650 0 _aReading comprehension
_922469
650 0 _aEnglish language
_vTextbooks for foreign speakers
_96478
650 0 _aLevel 4 Reader, is A2+ in the CEFR framework
_925500
655 0 _aReaders (Adult)
_922484
655 0 _aInterviews
_923088
655 0 _aAdaptations
_922470
700 _aMeyer, Erin
_912128
_eauthor
700 _aMorris, Catrin E.
_922481
_eeditor
942 _2lcc
999 _c4761
_d4761